| 000 | 00764nas a2200253 4500 | ||
|---|---|---|---|
| 001 | BR9507264 | ||
| 003 | BR-BrBNA | ||
| 005 | 20231205095424.0 | ||
| 007 | ta | ||
| 008 | 230509b bl.|||p| |||| 00| 00por d | ||
| 040 |
_aBR-BrBNA _bpor _cBiblioteca Nacional de Agricultura |
||
| 041 | _a(Pt) | ||
| 072 | _aL10 | ||
| 100 | 1 | _aFontes, L.R. | |
| 100 | 1 | _aCarneiro, G.C. | |
| 100 | 1 | _aAndre, D.L. | |
| 245 | 1 | _aSubsidios para o estudo do jumento da raca Pega | |
| 650 | _aJumento | ||
| 650 | _aRaca | ||
| 650 | _aMelhoramento Animal | ||
| 773 | 0 |
_tArquivos da Escola Superior de Veterinaria da Universidade Rural do Estado de Minas Gerais (Brazil) _x _g(1953), v. 6 p. 147-154 _wBR9507264 |
|
| 909 |
_a202311 _bLúcia _c55 _dLúcia Elande |
||
| 942 |
_2AGRIS _n0 _cANA |
||
| 999 |
_c150568 _d150568 |
||